| 000 | 00812nam a22002177a 4500 | ||
|---|---|---|---|
| 999 |
_c17382 _d17382 |
||
| 003 | AR-CdUCM | ||
| 008 | 190508b ||||| |||| 00| 0 spa d | ||
| 040 |
_aMUNICIPALIDAD PROVINCIAL DEL CUSCO _cBIBLIOTECA MUNICIPAL DEL CUSCO |
||
| 041 | _hita | ||
| 082 |
_a361 / _bM26 |
||
| 100 |
_aMarinatto, Luigi _937364 |
||
| 245 | _aEl asistente social / | ||
| 260 |
_aMadrid : _bEuramerica, |
||
| 300 |
_a193 páginas ; _c18 cm. |
||
| 505 | _aContenido: Una propuesta mal comprendida -- Los centros de estudios del servicio social -- Al banco y al torno -- Con los teddy boys en los barrios populares -- Una muchacha y mil quinientos hombres... | ||
| 650 |
_aAsistente social _937365 |
||
| 650 |
_aServicio _937366 |
||
| 700 |
_aValecchi, C. (traductor) _937367 |
||
| 942 |
_2ddc _cLIBROS |
||
| 945 |
_aacv _d2019-05-08 |
||